MARC

LEADER 00000nam0a2200000 4500
001 70178
005 20231031081153.0
035 |a (RuTPU)RU\TPU\book\74720 
090 |a 70178 
100 |a 20041115d1977 km y0rusy50 ca 
101 0 |a rus 
102 |a RU 
105 |a a z 001zy 
200 1 |a Эксплуатация гидроэлектростанций  |f П. Г. Кумсиашвили, В. С. Серков, А. М. Смирнов и др.  |g Под ред. В. С. Серкова 
210 |a Москва  |c Энергия  |d 1977 
215 |a 303 с.  |c ил. 
320 |a Библиогр.: с. 298-301. 
610 1 |a электростанции 
610 1 |a гидроэлектростанции 
610 1 |a эксплуатация 
610 1 |a ГЭС 
610 1 |a автоматизация 
610 1 |a гидротехнические сооружения 
675 |a 621.311.21.002.5-7  |v 3 
701 1 |a Кумсиашвили  |b П. Г.  |g Павел Георгиевич 
701 1 |a Серков  |b В. С.  |g Владимир Сергеевич 
701 1 |a Смирнов  |b А. М.  |g Анатолий Михайлович 
701 1 |a Стасенков  |b Ю. А.  |g Юрий Александрович 
701 1 |a Усталов  |b В. Г.  |g Вадим Аркадьевич 
701 1 |a Эпштейн  |b Р. М.  |g Рахмиль Маркович 
702 1 |a Серков  |b В. С.  |g Владимир Сергеевич  |4 340 
801 1 |a RU  |b 63413507  |c 20041115  |g PSBO 
801 2 |a RU  |b 63413507  |c 20201026  |g PSBO 
942 |c BK